| 000 | 00439nam a2200169Ia 4500 | ||
|---|---|---|---|
| 008 | 230711s9999||||xx |||||||||||||| ||und|| | ||
| 020 | _a978-93-5262-261-0 | ||
| 041 | _aENG | ||
| 082 |
_a650 _bCH-B |
||
| 100 | _aCherunilam,Francis | ||
| 245 | 0 | _aBusiness environment text and cases | |
| 250 | _a25th/R Ed. | ||
| 260 |
_c2016 _aMumbai _bHimalaya Publishing House |
||
| 300 | _a781p. | ||
| 650 | _aUNIVESITY BUSNIESS SCHOOL | ||
| 942 | _cBK | ||
| 999 |
_c5944 _d5944 |
||